000 00469nam a2200145Ia 4500
008 100122s9999 xx 000 0 und d
082 _b15273
_a823
100 _aकाकोडकर चंद्रकांत
245 _aसर्कस सुंदरी
260 _bमॅजेस्टिक प्रकाशन
_c1962
300 _a141
630 _aसर्कस सुंदरी
730 _aसर्कस सुंदरी
942 _cBOOK
999 _c405593
_d405590